000 00500nam a22001937a 4500
003 MPLRDC
005 20220104124456.0
008 210129b ||||| |||| 00| 0 eng d
020 _a957-767-021-0
082 _a802.35 ZZY v.8
100 _a郑振耀漫画
245 _a小叮当漫画成语小百科. 八
_c
250 _a初版
260 _a
_b阳铭出版社
_c1994
300 _b
490 _a小叮当漫画成语小百科. 8
650 _a漫画成语
942 _cBK
_o802.35 ZZY v.8
999 _c19624
_d19614